Telephone - Lady Gaga ft. Beyoncé (All Lyrics) - Statistics

General Stats
  • This quiz has been taken 4,306 times
    4,304 since last reset
  • The average score is 356 of 478
Answer Stats
Lyrics % Correct
I
99%
a
98%
you
96%
you,
96%
You
96%
call
95%
Call
95%
Oh,
94%
the
94%
Can
93%
hear
93%
my
93%
My
93%
cannot
91%
me?
91%
me.
91%
me
91%
no
91%
I'm
90%
on
90%
in
89%
don't
87%
stop
87%
| Chorus | Pre-Chorus Stop
87%
callin',
86%
callin'.
86%
callin'
86%
can't
86%
baby,
85%
busy,
85%
busy.
85%
Lady Gaga Hello,
85%
hello,
85%
And
84%
and
84%
up
84%
anymore.
82%
kinda
82%
thing.
82%
Sorry
81%
club,
80%
club
80%
wanna
80%
dancefloor.
76%
say,
76%
say?
76%
telephone.
76%
telephone,
76%
talk
75%
you're
74%
Wha-
73%
wha-
73%
gonna
72%
head
72%
heart
72%
left
72%
not
72%
Lady Gaga Not
72%
phone
72%
breaking
71%
got
71%
have
71%
that
70%
did
69%
Just
69%
just
69%
service
69%
should've
69%
with
68%
called?
67%
what
67%
calling
64%
Calling
64%
is
63%
faster.
62%
'cause
61%
'Cause
61%
home
61%
home,
61%
this
61%
at
60%
it's
60%
disaster.
59%
think
59%
like
58%
won't
58%
play.
57%
reach
57%
song
57%
favorite
56%
leave
56%
Leave
56%
answer.
55%
drink
55%
hand.
55%
be
54%
second,
54%
make
52%
some
51%
telephonin'
50%
want
50%
Put
49%
girls
48%
they're
48%
blowing
47%
but
46%
text
46%
now
45%
of
45%
party.
45%
am
44%
coat
44%
was
44%
one
43%
way
43%
knew
42%
ringing.
41%
sipping
40%
station.
39%
there's
39%
dancin'.
38%
central
37%
feel
37%
grand
36%
free.
35%
I'll
35%
Out
35%
out
35%
sick
35%
tired
35%
collector.
34%
Beyoncé Sometimes
34%
all
33%
bubb.
33%
Beyoncé Boy,
32%
made
32%
plans
32%
live
31%
calls,
26%
takin'
26%
Tonight
24%
No matching quizzes found
Score Distribution
Percent of People with Each Score
Percentile by Number Answered
Your Score History
You have not taken this quiz since the last reset